000 00705nam a2200229Ia 4500
003 GCL
008 140319s9999 xx 000 0 ara d
040 _aGCL /
_cGCL
082 0 4 _aق
_b269.62
_bع ط
100 1 _aعامر النجار
245 1 0 _aالطرق الصوفية فى مصر نشاتها ونظمها وروادها /
_cعامر النجار
260 _a[S.N] :
_bدار المعارف ،
_c1992
300 _a216 ص
490 _a
650 0 4 _aمصر
650 0 4 _aالاحوال الاجتماعية
650 0 4 _aالتصوف الاسلامى
650 0 4 _aالحياة الدينية
650 0 4 _aالموالد
650 0 4 _aالطرق الصوفية
942 _2ddc
_cBK
999 _c57920
_d57920